000 00947cam a22003137a 4500
003 CHAP
005 20220329140146.0
008 971013s1980 r 00010 d
010 _a47851
011 _a48823
035 _a52970
040 _cCHAP
082 _a633.15
_bT6
100 0 0 _aTocagni, Héctor
_ecomp.
_9113504
245 1 3 _aEl maíz
260 _aBuenos Aires :
_bAlbatros,
_c1980
300 _a143 p.
_b: ilus. ; mapas ; gráfs.
590 _aBATCH-UPD
_b10
_c20130110
_lUCH01
_h0303
590 _aBATCH-UPD
_b10
_c20130110
_lUCH01
_h1125
590 _aBATCH-UPD
_b10
_c20130409
_lUCH01
_h2334
590 _aBATCH-UPD
_b10
_c20130410
_lUCH01
_h1530
590 _aBATCH-UPD
_b10
_c20130914
_lUCH01
_h1746
590 _aCONVERSION
_b10
_c20130109
_lUCH01
_h1326
650 1 4 _aMaíz.
_970848
650 1 4 _aMaíz
_xArgentina.
_970863
901 _aBK
942 _cLIBRO
949 _a633.15 T6
_bBC
_cLIBRO
_d33724000915989
_eLIBRO
_h13523
_i52970
_si
999 _c47851
_d47851